00406nam a2200133 4500003000900000005001700009008004100026020001100067040001300078082001500091100002400106245011500130260002700245SEACOMEC20241005125136.0241005b |||||||| |||| 00| 0 eng d c165.00 aSEACOMEC a006.3bJ33 aJanakiraman, V. S.  aFoundations Of Artificial Intelligence And Expert Systems/ cV. S. Janakiraman, K. Sarukesi, P. Gopalakrishnan aDelhibMacmillanc2005